000 00520nam a2200181Ia 4500
005 20250508153953.0
008 008 250505s9999 xx 000 0 eng d
037 _aTextual
040 _aFEDL
_beng
_cFEDL
041 _aeng
_2eng
084 _a372.41, UNI
_qFEDL
100 _aCutts Warren G
_9764778
245 0 _aTeaching young children to read
260 _aWashington, USA
_bU.S. Government Printing Office
_c1964
300 _a134p.
942 _cTEXL
_h372.41, UNI
999 _c1346710
_d1346710